LEADER 01791nam0 22003251i 450 001 UON00032834 005 20231205102108.981 010 $a25-03-50602-X 100 $a20020107d1997 |0itac50 ba 101 $aita$aENG$aFRE 102 $aBE 105 $a|||| 1|||| 200 1 $aAtti del terzo congresso internazionale di studi "Manicheismo e Oriente Cristiano Antico"$eArcavacata di Rende - Amantea 31 agosto - 5 settembre 1993$fa cura di Luigi Cirillo & Alois van Tongerloo 210 $aTurnhout$cBrepols$d1997 215 $aX, 460 p.$d24 cm 311 $aVOA GEN E VII 005$9UON00032832 410 0$1001UON00032832$12001 $aManichaean Studies$1210 $aLouvain$cInternational Association of Manichaean Studies$d1991- v. ; cm$v3 VOA GEN E VII 005 517 1$3UON00355069$aManicheismo e Oriente Cristiano Antico : atti del congresso internazionale di studi. 3., Arcavacata di Rende - Amantea, 31 agosto - 5 settembre 1993 606 $aMANICHEISMO$xCONGRESSI$3UONC010693$2FI 620 $aBE$dTurnhout$3UONL001236 686 $aVOA GEN E VII$cVICINO ORIENTE ANTICO - CONGRESSI - RELIGIONE E FILOSOFIA$2A 702 1$aCIRILLO$bLuigi$3UONV011565 702 1$aTONGERLOO$bAloïs : van$3UONV004844 712 $aBrepols$3UONV247627$4650 801 $aIT$bSOL$c20250207$gRICA 912 $aUON00032834 950 $aSIBA - SISTEMA BIBLIOTECARIO DI ATENEO$dSI VOA GEN E VII 005 $eSI SA 86909 7 005 950 $aSIBA - SISTEMA BIBLIOTECARIO DI ATENEO$dSI VOA GEN E VII 005 BIS $eSI SA 87928 5 005 BIS 996 $aAtti del terzo congresso internazionale di studi "Manicheismo e Oriente Cristiano Antico"$91192167 997 $aUNIOR